Biostatistics and research methodology (Record no. 4193)

MARC details
000 -LEADER
fixed length control field 00464nam a2200169Ia 4500
008 - FIXED-LENGTH DATA ELEMENTS--GENERAL INFORMATION
fixed length control field 230917s9999||||xx |||||||||||||| ||und||
020 ## - ISBN
Price RS 325.00
040 ## - CATALOGING SOURCE
-- 5001830
Original cataloging agency VIVEKANANDA LIBRARY
041 ## - Language
-- English
082 ## - DDC NUMBER
Classification number 615.532 R18B
100 ## - MAIN ENTRY--PERSONAL NAME
Personal name Rao, G Nageswara
245 #0 - TITLE STATEMENT
Title Biostatistics and research methodology
260 ## - PUBLICATION, DISTRIBUTION, ETC. (IMPRINT)
Place of publication, distribution, etc Hyderabad
Name of publisher, distributor, etc PharmaMed Press
Date of publication, distribution, etc 2018
300 ## - PHYSICAL DESCRIPTION
Pages xii, 272 p.
500 ## - GENERAL NOTE
General note 4318 06/01/2022 PBA22/445 13/01/2022 Main Budget
942 ## - ADDED ENTRY ELEMENTS (KOHA)
Koha item type Books
Holdings
Withdrawn status Lost status Damaged status Not for loan Location (home branch) Sublocation or collection (holding branch) Date acquired Koha issues (times borrowed) Koha full call number Accession No. Koha date last seen Koha item type
        VIVEKANANDA LIBRARY VIVEKANANDA LIBRARY 04/02/2022   615.532 R18B 398952 17/09/2023 Books
        VIVEKANANDA LIBRARY VIVEKANANDA LIBRARY 04/02/2022   615.532 R18B 398953 17/09/2023 Books
        VIVEKANANDA LIBRARY VIVEKANANDA LIBRARY 04/02/2022   615.532 R18B 398954 17/09/2023 Books
        VIVEKANANDA LIBRARY VIVEKANANDA LIBRARY 04/02/2022   615.532 R18B 398955 17/09/2023 Books
        VIVEKANANDA LIBRARY VIVEKANANDA LIBRARY 04/02/2022 1 615.532 R18B 398956 27/03/2025 Books
© Designed and Maintained by Vivekananda Library, MDU Rohtak